000 00613nam a2200229Ia 4500
003 OSt
005 20221005121928.0
006 a|||||r|||| 00| 0
007 ta
008 221004b |||||||| |||| 00| 0 eng d
024 _a55740
037 _cTextual
040 _aCRL
_cCRL
_beng
041 _2eng
_aeng
082 _aV2:1:D, J6
100 _aBhatgava Purushottam Lal
_9631260
245 0 _aIndia in the vedic age
_b A history of Aryan Expansion in India.
260 _c1956
650 _aHISTORY
942 _hV2:1:D, J6
_cTEXL
_2cc
999 _c1042729
_d1042729